00361nam a2200133Ia 4500003000400000008004100004040001600045082001300061100001900074245005200093260004300145300001000188650002900198GCL140319s9999 xx 000 0 eng d aGCL / cGCL04a155bK D1 aKELLER, FRED S10aTHE DEFINITION OF PSYCHOLOGY / cKELLER, FRED S a[S.N] : bPRENTICE HALL, INC ، c1973 a149 P04aDEFINITION OF PSYCHOLOGY